Gemeinden Bezirk Feldkirchen - Statistiken

Allgemein
  • Dieses Quiz wurde 14 mal gespielt
  • Das Durchschnittsergebnis liegt bei 8 aus 10
Antwortstatistiken
Gemeinde % Korrekt
Steindorf am Ossiacher See
100%
Feldkirchen in Kärnten
86%
Glanegg
86%
Ossiach
86%
Albeck
71%
Gnesau
71%
Himmelberg
71%
Steuerberg
71%
St. Urban
71%
Reichenau
57%
Keine übereinstimmenden Quizze gefunden
Verteilung der Resultate
Anzahl Personen mit jedem Resultat
Perzentil nach korrekt beantworteten Fragen
Ihre Resultats-Entwicklung
Sie haben dieses Quiz noch nicht gespielt